UK outperforms its euro rivals amid the eu stagnation (Record no. 84581)

MARC details
000 -LEADER
fixed length control field 00521cab a22001695a 4500
001 - CONTROL NUMBER
control field L158377
008 - FIXED-LENGTH DATA ELEMENTS--GENERAL INFORMATION
fixed length control field 150126e2015 xxk 000 0 eng d
035 ## - SYSTEM CONTROL NUMBER
System control number (Sirsi) u158377
041 0# - LANGUAGE CODE
Language code of text/sound track or separate title eng
100 1# - MAIN ENTRY--PERSONAL NAME
Personal name Schouten, Charlie
245 00 - TITLE STATEMENT
Title UK outperforms its euro rivals amid the eu stagnation
490 ## - SERIES STATEMENT
Series statement Construction News
Volume/sequential designation (7385) 16 JANUARY 2015, 32-33(2)
520 ## - SUMMARY, ETC.
Summary, etc. Discusses UK construction output in relation to its European neighbours.
650 24 - SUBJECT ADDED ENTRY--TOPICAL TERM
Topical term or geographic name entry element CONSTRUCTION
651 #4 - SUBJECT ADDED ENTRY--GEOGRAPHIC NAME
Geographic name United Kingdom
Chronological subdivision
942 ## - ADDED ENTRY ELEMENTS (KOHA)
Suppress in OPAC 0
Holdings
Withdrawn status Lost status Source of classification or shelving scheme Damaged status Not for loan Home library Current library Shelving location Date acquired Total Checkouts Full call number Barcode Date last seen Copy number Price effective from Koha item type
    Dewey Decimal Classification     London London Journal article 26/01/2015   L158377 158377-1001 06/08/2019 1 06/08/2019 Journal article